| 000 | 01080nam a22003377a 4500 | ||
|---|---|---|---|
| 003 | CHAP | ||
| 005 | 20220329133324.0 | ||
| 008 | 971013s1921 r 00010 d | ||
| 010 | _a4874 | ||
| 011 | _a5846 | ||
| 035 | _a5062 | ||
| 040 | _cCHAP | ||
| 090 | _aFolleto 13675 | ||
| 110 |
_aENA _936669 |
||
| 245 | _aPlan de estudios vigente en la Escuela Nacional de Agricultura | ||
| 260 |
_a[Chapingo, Méx.] : _b[ENA], _c1921 |
||
| 300 | _a12 p. | ||
| 500 | _a55-5 | ||
| 590 |
_aBATCH-UPD _b10 _c20130110 _lUCH01 _h1605 |
||
| 590 |
_aBATCH-UPD _b10 _c20130410 _lUCH01 _h1001 |
||
| 590 |
_aBATCH-UPD _b10 _c20130914 _lUCH01 _h1240 |
||
| 590 |
_aCONVERSION _b10 _c20130109 _lUCH01 _h1304 |
||
| 650 | 1 | 4 |
_aEducación agrícola _xLeyes _xMéxico. _935534 |
| 650 | 1 | 4 |
_aEducación agrícola _xPlanes de estudio. _935539 |
| 650 | 1 | 4 |
_aEducación agrícola _zMéxico. _935552 |
| 650 | 1 | 4 |
_aEscuelas agrícolas _xMéxico. _937645 |
| 901 | _aBK | ||
| 942 | _cFOLL | ||
| 949 |
_aFolleto 13675 _bBC _cBPP _d-14629 _eBPP _i5062 _si |
||
| 949 |
_aFolleto 13675 _bBC _cUACH _d-101373 _eUACH _fc.2 _i5062 _si |
||
| 999 |
_c4874 _d4874 |
||